Haikyuu!! Karasuno Players - Statistics

General Stats
  • This quiz has been taken 128 times
    126 since last reset
  • The average score is 11 of 15
Answer Stats
Picture Hint Answer % Correct
Captain / Wing Spiker / Opposite Hitter Daichi Sawamura
93%
Libero Yū Nishinoya
88%
Wing Spiker / Outside Hitter / Ace Asahi Azumane
87%
Coach Keishin Ukai
85%
Vice-Captain / Setter / Pinch Server Kōshi Sugawara
85%
Setter Tobio Kageyama
85%
Middle Blocker / Decoy Shōyō Hinata
84%
Wing Spiker / Outside Hitter Ryūnosuke Tanaka
82%
Manager Kiyoko Shimizu
78%
Middle Blocker Kei Tsukishima
75%
Middle Blocker / Pinch Server Tadashi Yamaguchi
71%
Manager Hitoka Yachi
70%
Wing Spiker / Outside Hitter Chikara Ennoshita
60%
Middle Blocker Kazuhito Narita
43%
Wing Spiker / Pinch Server Hisashi Kinoshita
41%
No matching quizzes found
Score Distribution
Percent of People with Each Score
Percentile by Number Answered
Your Score History
You have not taken this quiz since the last reset